1069 1282 1496 1602 1728 1168 1591 1589 1906 1452 1087 1246 1408 1208 1678 1451 1693 1911 1769 1284 1752 1587 1091 1599 1620 1401 1394 1708 1080 1764 1809 1506 1949 1692 1929 1214 1428 1024 1978 1516 1674 1305 1564 1871 1930 1403 1851 1240 1326 1517 1908 1937 1533 1855 1583 1107 1288 1325 1425 1497 1832 1092 1810 1481 1265 1391 1730 1509 1288 1772 1736 1128 1291 1876 1649 1069 1273 1162 1496 1219 1643 1935 1939 1634 1809 1097 1285 1568 1678 1291 1817 1808 1524 1173 1615 1782 1003 1629 1161 BCNSPRNW ULIB Ver.6.0+V

เปลี่ยนเป็นภาษาไทย

Change to English
 แสดงรายละเอียดบรรณานุกรม
  กลับหน้าหลัก

Brief Record : Get Marc (ISO 2709) : E-mail record : QR code < ปิดหน้าต่าง
LEADER : 00000nam 2200000uu 4500
001    13399120211
003     ULIB
008    120912s2550||||th 000 0 tha d
020    ^a9789748010236
060 04 ^aQV767^bพ786ส 2550
100 0  ^aพิสุทธิพร ฉ่ำใจ
245 00 ^aสมุนไพร :^bสรรพคุณและประโยชน์เพื่อการนำไปใช้ = All aboutherbs : qualities and usefulness /^cพิสุทธิพร ฉ่ำใจ : บก.เรียบเรียง
246 31 ^aAll about herbs :^bqualities and usefulness
250    ^aพิมพ์ครั้งที่ 1
260    ^aกรุงเทพฯ :^bต้นธรรม,^c2550
300    ^a304 หน้า :^bภาพประกอบ ;^c22 ซม.
650  7 ^aสมุนไพร
700 0  ^aพิสุทธิพร ฉ่ำใจ,^eบรรณาธิการ
945    ^p200^l0^i14491
995    ^aกัณชพร
999 ^a ใช้งานได้ทุกระบบ
รายการนี้ยังไม่มีแท็ก
คุณยังไม่ได้ล็อกอิน คุณสามารถมีกิจกรรมร่วมกับเว็บไซต์ได้ แต่ต้องล็อกอินก่อน ::
  ล็อกอิน

รายการสื่อสารสนเทศ

ลำดับที่ ประเภท เลขเรียก/บาร์โค้ด สถานที่ สถานะ
1. วิทยาศาสตร์การแพทย์ และสุขภาพ
วิทยาศาสตร์การแพทย์ และสุขภาพ
QV767 พ786ส 2550  
  Barcode: 14491
ห้องสมุดวิทยาเขตสวรรค์ประชารักษ์
►หนังสือทั่วไป
บนชั้น

รายการใกล้เคียง
    ผู้แต่ง [พิสุทธิพร ฉ่ำใจ]

    หัวเรื่อง [สมุนไพร]

BibComment


ยังไม่เคยถูกคอมเมนท์

คอมเมนท์ทรัพยากรรายการนี้
  คอมเมนท์: สมุนไพร สรรพคุณ..


 Copyright 2026. Bcnsprnw @Library